| 000 | 00604nam a22002177a 4500 | ||
|---|---|---|---|
| 003 | OSt | ||
| 005 | 20220107122835.0 | ||
| 008 | 171124b xxu||||| |||| 00| 0 eng d | ||
| 020 | _a9780226206387 | ||
| 040 | _cIIITMK | ||
| 082 | _a577.18 ELT/E | ||
| 100 |
_aElton, Charles S. _913384 |
||
| 245 | _aThe Ecology of invasions by animals and plants | ||
| 260 |
_aChicago, _bKluwer Acadenic Publishers, _c1958. |
||
| 300 | _axiv, 181p. | ||
| 650 |
_aECOLOGY _913385 |
||
| 650 |
_aINVASION SCIENCE _913387 |
||
| 650 |
_aBIOLOGICAL INVASIONS _913388 |
||
| 650 |
_aINVASION ECOLOGY _913389 |
||
| 942 |
_2ddc _cBK |
||
| 999 |
_c5929 _d5929 |
||